| 000 | 00425pab a2200169 454500 | ||
|---|---|---|---|
| 008 | 180718b2010 xxu||||| |||| 00| 0 eng d | ||
| 100 | _aDasgupta, Samira | ||
| 245 | _aAutonomy of culture: socio-cultural adaptation among the tribe | ||
| 260 | _c2010 | ||
| 300 | _ap.127-33. | ||
| 362 | _aJan-Mar | ||
| 650 | _aTribes | ||
| 700 | _aSarkar, Amitabha | ||
| 773 | _aEastern Anthropologist | ||
| 908 | _aN | ||
| 909 | _a87601 | ||
| 999 |
_c87601 _d87601 |
||